000 00796nam a2200193 a 4500
008 090323s2004 ||||||||||||||||| || u
020 _a0862103630
050 _aHV 6250.4.W65 Amn
110 _aAmnesty International
245 1 0 _aLives blown apart: crimes against women in times of conflict, stop violence against women
_cAmnesty International
260 _aLondon:
_bAmnesty International Publications
_c2004
300 _aii, 100p.: ill.
350 _a0.00
500 _aIncludes appendix and endnotes
650 _aWOMEN--HUMAN RIGHTS, SEXUAL VIOLENCE
650 _aWOMEN
650 _aWOMEN--CRIMES AGAINST
995 _D0.00
_FCBU-MAIN LIBRARY (Kitwe)
_H1
_I0.00
_M1
_UAVAILABLE
_WApr 16, 2009
_ZAnnex Low-Usage Collection
999 _c49387
_d49387